000 00547nam a2200205 a 4500
001 BRCA_7170
005 20190320205733.0
008 130112r1901----nyu#######---#000-0#eng-#
041 _aeng
044 _anyu
050 4 _aQL568 .A6
_b.M33 1901
100 1 _aMaeterlinck, Maurice
_d1862-1949
_916333
245 1 0 _aThe life of the bee
_cMaurice Maeterlinck ; translated by Alfred Sutro.
260 _aNueva York
_bBlue Ribbon
_cc1901
300 _a427 p.
_c21 cm.
500 _aP53
650 1 4 _aAbejas
_917778
902 _aGFM
942 _2lcc
_cB
999 _c6851
_d6851